000 00525nam a2200193 a 4500
001 1769488318158
003 YourLibrary
005 20260128114521.0
008 260127s1974##################000#0#eng##
020 _a9780521202596
082 0 4 _a304.60932
_bBAG
100 1 _aJohnson, Gordon,
_eauthor.
245 1 0 _aProvincial Politics and Indian Nationalism :
260 _bCambridge University Press,
_c1974.
300 _a217 pages
650 0 _aHistory.
942 _cENGLISH
040 _aYourLibrary
_beng
_cYourLibrary
999 _c609295
_d609295